000 00857nam a2200253 a 4500
001 9839
003 BD-RjUL
005 20211208234840.0
008 140122s1963 nyu 00| 0 eng d
035 _a(BD-RjUL)9884
040 _aBD-RjUL
_beng
_cBD-RjUL
_dBD-RjUL
041 _aeng
082 _a539.721
_bJOO 1963
100 1 _aJones, P. B.
_q(Peter)
_930412
245 1 4 _aThe optical model in nuclear and particle physics /
_cP.B. Jones
260 _aNew York ;
_aLondon :
_bInterscience Publishers,
_c1963
300 _avii, 118p. :
_bill. ;
_c21 cm
490 1 _aInterscience tracts on physics and astronomy ;
_vno. 14
504 _aIncludes bibliographical references (p. 111-115) and index
650 0 _aNuclear optical models
_930413
830 0 _vno. 14
_930416
830 0 _aInterscience tracts on physics and astronomy ;
_930417
942 _2ddc
_cBK
999 _c9839
_d9839